History Quiz

Random History Quiz
Score 0/32 Timer 12:00
0 Plays Today
Hint Answer % Correct
Prime Minister David Cameron
97.9%
Chancellor of the excheqerGeorge Osborne
90.4%
Deputy Prime MinisterNick Clegg
87.2%
Home SecretaryTheresa May
86.2%
Secretary of State and Foreign AffairsWilliam Hague
77.7%
Business SecretaryVincent cable
77.7%
Secretary of State for EducationMichael Gove
75.5%
Chief Secretary of the TreasuryDanny Alexander
70.2%
Health SecretaryJeremy Hunt
69.1%
Defence SecretaryPhillip Hammond
68.1%
Secretary of State for Work and Pension Iain Duncan Smith
62.8%
Secretary of State for Communities and local GovtEric Pickles
54.3%
Secretary of Justice Chris Grayling
45.7%
International Development SecretaryJustine Greening
42.6%
Minister without PortfolioKenneth Clarke
39.4%
Secretary for Energy and ClimateEdward Davey
34%
Hint Answer % Correct
Minister of Faith and CommunitiesBaroness Warsi
30.9%
Transport SecretaryPatrick McLoughlin
26.6%
Secretary of ScotlandAlistair Carmichael
25.5%
Enviroment SecretaryOwen Paterson
24.5%
Chief WhipGeorge Young
21.3%
Minister of SchoolsDavid Laws
21.3%
Secretary of WalesDavid Jones
20.2%
Secretary of Sport and MediaMaria Miller
20.2%
Leader of CommonsAndrew Lansley
18.1%
Minister without PortfolioGrant Shapps
17%
Secretary of Northern IrelandTheresa Villers
16%
Minister of Govt PolicyOliver Letwin
16%
Minister of UniversitiesDavid Willets
11.7%
Paymaster GeneralFrancis Maude
9.6%
Leader of House of LordsLord Hill of Oareford
4.3%
Attorney GeneralDominic Wieve
2.1%
Remove Ads.
Support Sporcle.
Get the best of Sporcle when you Go Orange. This ad-free experience offers more features, more stats, and more fun while also helping to support Sporcle. Thank you for becoming a member.

You're not logged in!

Compare scores with friends on all Sporcle quizzes.
OR
Log In

Show Comments

Extras

Created Oct 3, 2013ReportNominate
Tags:2013, Cabinet, Government, Politician, UK

Top Quizzes Today


Score Distribution

Your Account Isn't Verified!

In order to create a playlist on Sporcle, you need to verify the email address you used during registration. Go to your Sporcle Settings to finish the process.

Report this User

Report this user for behavior that violates our Community Guidelines.

Details: